Sangre de mi sangre, la aventura de los hijos / (Registro nro. 9237)

Detalles MARC
000 -CABECERA
Campo de control interno 01705nam a2200253Ia 4500
008 - ELEMENTOS DE LONGITUD FIJA - INFORMACIÓN GENERAL
Campo de control de longitud fija 260220t1998||||xx |||||||||||||| ||spa||
020 ## - ISBN
ISBN 8478809600
040 ## - FUENTE DE CATALOGACIÓN
Agencia de catalogación original PY-SlUNAC
Idioma de catalogación spa
Convenciones de descripción rda
041 ## - CÓDIGO DE IDIOMA
Código de idioma para texto/pista de sonido o título separado spa
082 ## - NÚMERO DE CLASIFICACIÓN DECIMAL DEWEY
Clasificación Decimal Dewey (CDD) 863
Clasificación Expansiva de Cutter (EC) R333s
100 ## - ASIENTO PRINCIPAL - NOMBRE PERSONAL
Nombre personal Regás, Rosa
Rol del autor Autor
245 #0 - TÍTULO
Título Sangre de mi sangre, la aventura de los hijos /
Mención de responsabilidad por Rosa Regás [Autor]
264 ## - PIE DE IMPRENTA
Lugar Madrid :
Editorial Temas de Hoy,
Año ℗1998.
300 ## - DESCRIPCIÓN FÍSICA
Páginas 1 volumen
520 ## - NOTA DE RESUMEN
Nota de resumen "Sangre de mi sangre, la aventura de los hijos" de Rosa Regás es una obra que explora la compleja relación entre padres e hijos, centrándose en las diversas dinámicas familiares y los retos que surgen a lo largo del crecimiento. A través de una narrativa íntima y reflexiva, Regás aborda temas como la educación, la identidad y la búsqueda de la autonomía en los jóvenes. La autora utiliza una prosa evocadora para ilustrar las emociones y las tensiones presentes en estas relaciones, destacando cómo el amor y la responsabilidad se entrelazan en la vida familiar. Además, el libro examina las expectativas sociales y culturales que influyen en la crianza, así como el impacto de la historia personal de cada individuo en su papel como progenitor. Al final, la obra invita a una profunda reflexión sobre el significado de la paternidad y maternidad en un contexto contemporáneo, convirtiéndose en un testimonio relevante sobre las luchas y alegrías de la vida familiar.
653 ## - MATERIA - TÉRMINO TEMÁTICO NO CONTROLADO (PALABRAS CLAVE)
Materia - término temático no controlado (palabras clave) Familia
653 ## - MATERIA - TÉRMINO TEMÁTICO NO CONTROLADO (PALABRAS CLAVE)
Materia - término temático no controlado (palabras clave) Literatura juvenil
653 ## - MATERIA - TÉRMINO TEMÁTICO NO CONTROLADO (PALABRAS CLAVE)
Materia - término temático no controlado (palabras clave) Relaciones interpersonales
942 ## - ELEMENTOS PERSONALIZADOS (KOHA)
Fecha catalogación 2026/02/17
Tipo de documento Libros
Existencias
Fuente de Clasificacion Colección Ubicacion permanente Biblioteca actual Fecha de Ingreso a la Biblioteca Origen de adquisición Código de ubicación Código de barras Tipo de Item KOHA Nota pública
Dewey Decimal Classification Colección General (CG) Biblioteca e Internet, Facultad de Ciencias Exactas y Naturales Biblioteca e Internet, Facultad de Ciencias Exactas y Naturales 02/20/2026 Donación 863 R333s CG2597 Libros Material disponible en la Biblioteca e Intenet, Campus UNA, San Lorenzo.